00547nam a2200169Ia 4500008004100000020002400041040001900065041001200084082002800096245011100124260002700235300002600262650001800288651002700306700002300333850002100356131103s9999 xx 000 0 und d a670887617cRs. 1350 aLoreto College aEnglish a808.83/HALbLCLIB/45560 4aThe Art of the storyb An international anthology of contemporary short stories cedited by Daniel Halpern aNew YorkbVikingc1999 axiii,667 p. c 24 cm. aShort stories aFiction - 20th century aHalpern, Daniel,ed aLCLIB/808.83/HAL